01929nam a2200313 u 450000100100000000500170001000800410002702000190006804300120008708200210009910000280012024501860014825000120033426000470034630000230039349000160041650000260043250000380045852007390049660000670123560000480130265000560135065000540140665000350146070000340149570000290152970000280155870000290158600004889320200120222620.0120509s2010 sp jr 000 | spa d a9788434233393. ae-sp---04a920.72bG45a2211 aGil Martínez, Carmen.10aAna Frank /ctexto Carmen Gil Martínez ; ilustraciones Mercé Galí Sanarau ; dirección editorial Lluís Borrás ; edición Cristina Vilella ; producción Manel Sánchez. a3a. ed. aBarcelona (España) :bParramón,c2010. a64 p. :bil., col. 0aMe llamo... aIncluye cronología. aAudiencia : A partir de 9 años.3 a"Me llamo Anneliesse Marie Frank, aunque todos me conocen por Ana Frank. Fui una chica normal y, como a la mayoría de las chicas de mi edad, me gustaba salir con mis amigas, cuchichearles mis secretos, hacer deporte, coquetear con los chicos, reírme... Pero me tocó vivir en una época difícil : la Segunda Guerra Mundial. En ella se persiguió a discapacitados, homosexuales, gitanos, eslavos, judíos... Millones de personas fueron deportadas, encerradas en campos de concentración, asesinadas en cámaras de gas... ¡El horror se apoderó del mundo! Un día también llegó a la casa en la que vivíamos escondidos. Un oficial de las SS vino a arrestarnos. Los nazis consiguieron apagar mi vida, pero no mi voz."14aFrank, Ana,d1929-1945vAutobiografías.xLiteratura juvenil.24aFrank, Ana,d1929-1945xLiteratura juvenil.24aHolocausto judío (1939-1945)xLiteratura juvenil.24aPersecuciones a los judíosxLiteratura juvenil.24aGenocidioxLiteratura juvenil.1 aGalí Sanarau, Mercé,eil.1 aBorrás, Lluís,edir.1 aVilella, Cristina,eed.1 aSánchez, Manel,eprod.